• 首页
  • 本馆介绍
  • 公告通知
  • 最新文献
  • 馆藏检索
  • 电子资源
  • 读者导购
  • 参考咨询
  • 我的图书馆
  • 登录
  • 详细信息显示
  • 放入我的书架
  • 预约/预借图书
  • 作者相关作品
  • 分类相关作品
  • 丛书相关作品
  • 出版社相关作品

书目信息

  • 表格格式
  • 工作单格式
  • 卡片格式
题名:
本草纲目
    
 
作者: 李时珍 著 ;姜晓菡 主编
分册:  
出版信息: 延吉   延边大学出版社  2019.2
页数: 388页
开本: 24cm
丛书名: 国学经典文库
单 册:
中图分类: R281.3
科图分类:
主题词:
电子资源:
ISBN: 978-7-5688-1774-5
000 00878nam0 2200265 45
001 012001000534
005 20140911152543.0
010    @a978-7-5688-1774-5@dCNY49.80
100    @a20190226d2017 em y0chiy50 ea
101 0  @achi
102    @aCN@b220000
105    @aa z 000yy
106    @ar
200 1  @a本草纲目@Aben cao gang mu@b专著@f(明)李时珍著@g姜晓菡主编
210    @a延吉@c延边大学出版社@d2019.2
215    @a388页@c图@d24cm
225 1  @a国学经典文库
330    @a本书内容详实,从药草的种植、釆集、调荆和药效,从食物的种类、功效,从炭火到针火,从兽到虫,从水到石,一应俱全,读者可以从中了解到中医药学的基本知识。
461  0 @12001 @a国学经典文库
605    @a《本草纲目》
690    @aR281.3@v5
701  0 @c(明)@a李时珍@Ali shi zhen@4著
702  0 @a姜晓菡@Ajiang xiao han@4主编
801  0 @aCN@bBJSDL@c20211011
905    @b1331669-72@dR281.3@e570@f4
    
    本草纲目/(明)李时珍著/姜晓菡主编.-延吉:延边大学出版社,2019.2
    388页:图;24cm.-(国学经典文库)
    
    
    ISBN 978-7-5688-1774-5:CNY49.80
    本书内容详实,从药草的种植、釆集、调荆和药效,从食物的种类、功效,从炭火到针火,从兽到虫,从水到石,一应俱全,读者可以从中了解到中医药学的基本知识。
●
相关链接 在E读中查询图书 在五车中查询图书 在当当中查询图书 在豆瓣中查询图书


正题名:本草纲目     索取号:R281.3/570         预约/预借

序号 登录号 条形码 馆藏地/架位号 状态 备注
1 1331669   213316696   第二样本阅览室/ [索取号:R281.3/570] 在馆    
2 1331670   213316703   第三借阅区/ [索取号:R281.3/570] 在馆    
3 1331671   213316712   第三借阅区/ [索取号:R281.3/570] 在馆    
4 1331672   213316721   第三借阅区/ [索取号:R281.3/570] 在馆    
唐山师范学院图书馆 欢迎您!
大连网信软件有限公司© 版权所有